| 000 | 00555nam a22001697a 4500 | ||
|---|---|---|---|
| 005 | 20231123101420.0 | ||
| 008 | 231123b |||||||| |||| 00| 0 eng d | ||
| 020 | _a1868882454 | ||
| 041 | _aEnglish | ||
| 082 | _a342 CON | ||
| 100 | _lEnglish | ||
| 245 |
_aThe Constitution At Work : _b10 years of Namibian nationhood / _cedited by MO Hinz, SK Amoo and D Van Wyk |
||
| 260 |
_aSouth Africa : _bVerLoren van Themaat Centre, _c2003 |
||
| 300 |
_b393 pages ; _c25 cm. |
||
| 650 |
_aLegal practice _bLaw |
||
| 942 |
_cBK _6ALISON_BN_VRIES |
||
| 999 |
_c884 _d884 |
||